000 00442nam a22001337a 4500
999 _c2060
_d2060
008 200212b ||||| |||| 00| 0 eng d
100 _91656
_aForsthoffer, William E.
245 1 0 _aForsthoffer's rotating equipment handbooks Compressors, Vol. 3
_c/ by William E. Forsthoffer
260 _aOxford
_bElsevier
_c2005
300 _axvii,415p.
490 0 _aForsthoffers rotating equipment handbook
_vVol. 3
650 0 _aAir Compressors
942 _cBK